[Event "V Floripa Chess Open 2019"]
[Site "Florianopolis/SC"]
[Date "2019.01.26"]
[Round "8.151"]
[White "Dos Passos, Edinaldo Pincanco"]
[Black "Rodrigues Mota, Sophia Lorena"]
[Result "1-0"]
[WhiteElo "1710"]
[BlackElo "1498"]
[PlyCount "65"]
[EventDate "2019.01.21"]
[EventRounds "10"]
[EventCountry "BRA"]

1. e4 c5 2. Nf3 e6 3. d3 d6 4. g3 Nf6 5. Bg2 Be7 6. O-O O-O 7. Re1 Nbd7 8. Nbd2 a6 9. Nf1 b5 10. e5 dxe5 11. Nxe5 Ra7 12. Nc6 Qb6 13. Nxe7+ Kh8 14. Nxc8 Rxc8 15. Ne3 Ne5 16. b3 c4 17. bxc4 bxc4 18. Nxc4 Nxc4 19. dxc4 Rxc4 20. Be3 Qc7 21. Bxa7 Qxa7 22. Qd8+ Ng8 23. Be4 Rd4 24. Qa8 Qb6 25. Rab1 Qa5 26. Bd3 Rd8 27. Qxa6 Qxa6 28. Bxa6 Nf6 29. Rb7 Kg8 30. Reb1 Nd7 31. Rc7 g6 32. Rc8 Rxc8 33. Bxc8 1-0

[Event "V Floripa Chess Open 2019"]
[Site "Florianopolis/SC"]
[Date "2019.01.26"]
[Round "8.152"]
[White "Niehues, Luiz Cesar"]
[Black "Bonfim, Regina Rodrigues"]
[Result "1-0"]
[WhiteElo "1540"]
[BlackElo "1708"]
[PlyCount "153"]
[EventDate "2019.01.21"]
[EventRounds "10"]
[EventCountry "BRA"]

1. d4 Nf6 2. c4 e6 3. Nc3 d5 4. cxd5 exd5 5. Nf3 Be7 6. Bg5 c6 7. e3 O-O 8. Bd3 Bg4 9. Bxf6 Bxf6 10. Qc2 h6 11. h3 Be6 12. O-O-O b5 13. Rdg1 a5 14. g4 Nd7 15. h4 Be7 16. h5 Kh8 17. g5 c5 18. gxh6 gxh6 19. Nxb5 cxd4 20. exd4 Rc8 21. Nc3 Bf6 22. Bf5 Qb6 23. Bxe6 Qxe6 24. Kd2 Rg8 25. Qd3 Qb6 26. Rb1 Qd6 27. Qf5 Nb6 28. Rhg1 a4 29. a3 Nc4+ 30. Kc2 Nb6 31. Kd3 Rce8 32. Rbe1 Rxe1 33. Rxe1 Rf8 34. Ne5 Bxe5 35. Rxe5 Qc6 36. Qf4 Kg7 37. Qf5 Rd8 38. Qg4+ Kf8 39. Qh4 Rd7 40. Qg3 Qc4+ 41. Ke3 Qc7 42. Kd3 Nc4 43. Re2 Qb7 44. Qf4 Qa6 45. Kc2 Rb7 46. Kc1 Qc6 47. Qf3 Rd7 48. Qf5 Rd6 49. Qf4 Re6 50. Rxe6 Qxe6 51. Qb8+ Kg7 52. Qg3+ Kh7 53. Qd3+ Kh8 54. Qd1 Qf5 55. Qe2 Qf4+ 56. Kb1 Qxd4 57. Qc2 Nd2+ 58. Ka1 Nb3+ 59. Kb1 Qc4 60. Qe2 Qf4 61. Qe3 Qf5+ 62. Ka2 Kh7 63. Nxa4 d4 64. Qxb3 Qxf2 65. Nc5 Kg7 66. Qd3 Qh4 67. Qf3 Qe7 68. Nd3 Qe6+ 69. b3 Kh7 70. a4 f5 71. Qb7+ Kg8 72. Qb8+ Kg7 73. Qe5+ Qxe5 74. Nxe5 f4 75. b4 d3 76. Nxd3 f3 77. a5 1-0

[Event "V Floripa Chess Open 2019"]
[Site "Florianopolis/SC"]
[Date "2019.01.26"]
[Round "8.155"]
[White "Arndt, Claudio Felipe"]
[Black "Koinski, Carlos Cesar"]
[Result "1-0"]
[WhiteElo "1693"]
[BlackElo "1462"]
[PlyCount "58"]
[EventDate "2019.01.21"]
[EventRounds "10"]
[EventCountry "BRA"]

1. e4 e5 2. Nf3 d6 3. d4 exd4 4. Qxd4 a6 5. Bg5 f6 6. Bf4 Nc6 7. Qd2 Nge7 8. Bc4 Ng6 9. Bg3 Qe7 10. O-O Be6 11. Bxe6 Qxe6 12. Nc3 Be7 13. Nd5 Bd8 14. Rfe1 O-O 15. c4 Nce5 16. Nd4 Qf7 17. b3 Qd7 18. f4 Nc6 19. Rac1 Nxd4 20. Qxd4 Re8 21. f5 Ne5 22. Nf4 Kh8 23. Ne6 Be7 24. Rc3 Rg8 25. Qd1 b6 26. Bxe5 fxe5 27. Rh3 g6 28. Qg4 gxf5 29. Rxh7+ Kxh7 1-0

[Event "V Floripa Chess Open 2019"]
[Site "Florianopolis/SC"]
[Date "2019.01.26"]
[Round "8.156"]
[White "Eyng, Stefan Kuster"]
[Black "Santos Neto, Amazonas"]
[Result "0-1"]
[WhiteElo "1468"]
[BlackElo "1682"]
[PlyCount "96"]
[EventDate "2019.01.21"]
[EventRounds "10"]
[EventCountry "BRA"]

1. e4 e6 2. d4 d5 3. Nc3 Nf6 4. Bd3 c5 5. Nf3 Nc6 6. Be3 Qb6 7. b3 cxd4 8. Nxd4 Bc5 9. Na4 Bb4+ 10. c3 Bxc3+ 11. Nxc3 Qb4 12. Bd2 Qxd4 13. Nb5 Qb6 14. O-O O-O 15. e5 Nxe5 16. Be3 Qd8 17. Nxa7 b6 18. Nxc8 Rxc8 19. Be2 Ned7 20. a4 e5 21. b4 d4 22. Bd2 e4 23. Bg5 d3 24. Bg4 Qe8 25. Bxf6 gxf6 26. Bf5 Ne5 27. Bxc8 Qxc8 28. a5 b5 29. a6 Kh8 30. a7 Qb7 31. Ra2 Ra8 32. Qa1 Qd7 33. Rd1 Kg7 34. Kf1 Nc4 35. Ra6 Qe7 36. Kg1 d2 37. Qd4 h6 38. Qc5 Qd7 39. Ra2 f5 40. g3 f4 41. Qh5 e3 42. fxe3 fxe3 43. Rc2 Qd4 44. Qe2 Rxa7 45. Rxc4 bxc4 46. b5 Qe4 47. Rf1 Rb7 48. Rf3 Rxb5 0-1

[Event "V Floripa Chess Open 2019"]
[Site "Florianopolis/SC"]
[Date "2019.01.26"]
[Round "8.157"]
[White "Cezar, Ricardo De Almeida"]
[Black "De Oliveira, Gualter Amelio"]
[Result "1-0"]
[WhiteElo "1675"]
[BlackElo "1455"]
[PlyCount "87"]
[EventDate "2019.01.21"]
[EventRounds "10"]
[EventCountry "BRA"]

1. d4 Nf6 2. c4 e5 3. dxe5 Ng4 4. Bf4 Bb4+ 5. Nd2 Nc6 6. Ngf3 Qe7 7. a3 Bxd2+ 8. Qxd2 Ngxe5 9. Nxe5 Nxe5 10. e3 d6 11. Be2 Bd7 12. Rc1 O-O 13. c5 Rfd8 14. Qc3 Ng6 15. cxd6 cxd6 16. Bg3 Rac8 17. Qd2 Rxc1+ 18. Qxc1 Rc8 19. Qd2 Ne5 20. O-O Bf5 21. Qd4 Rc2 22. Bb5 a6 23. Ba4 Rc4 24. Qd1 Bg4 25. f3 Bh5 26. Bb3 Rc6 27. Bd5 Rb6 28. Qd4 Rb5 29. b4 a5 30. Rc1 h6 31. Rc8+ Kh7 32. Bxe5 Rxd5 33. Qxd5 dxe5 34. Qd8 Qe6 35. Qh8+ Kg6 36. Rg8 Qf6 37. g4 Bxg4 38. fxg4 e4 39. h4 Qa1+ 40. Kg2 axb4 41. h5+ Kg5 42. Qxg7+ Qxg7 43. Rxg7+ Kf6 44. Rg8 1-0

[Event "V Floripa Chess Open 2019"]
[Site "Florianopolis/SC"]
[Date "2019.01.26"]
[Round "8.158"]
[White "Da Silva Junior, Marco Aurelio"]
[Black "Machado, Luiz Fernando"]
[Result "1/2-1/2"]
[WhiteElo "1672"]
[BlackElo "1446"]
[PlyCount "40"]
[EventDate "2019.01.21"]
[EventRounds "10"]
[EventCountry "BRA"]

1. Nf3 Nf6 2. g3 d5 3. Bg2 Nc6 4. d4 b6 5. b3 Bb7 6. Bb2 e6 7. O-O Qd7 8. Nbd2 O-O-O 9. c4 Ne4 10. Nxe4 dxe4 11. Ne5 Nxe5 12. dxe5 g6 13. Qc2 Qd2 14. Rac1 Bg7 15. e3 Qxc2 16. Rxc2 Rd7 17. c5 bxc5 18. Rxc5 Rd2 19. Bd4 Rxa2 20. Rfc1 c6 1/2-1/2

[Event "V Floripa Chess Open 2019"]
[Site "Florianopolis/SC"]
[Date "2019.01.26"]
[Round "8.159"]
[White "Stroher, Victor Augusto"]
[Black "Tasoko, Toshinobu"]
[Result "1/2-1/2"]
[WhiteElo "1451"]
[BlackElo "1668"]
[PlyCount "111"]
[EventDate "2019.01.21"]
[EventRounds "10"]
[EventCountry "BRA"]

1. e4 e5 2. Nf3 d6 3. d4 f5 4. exf5 e4 5. Ng5 Bxf5 6. Nc3 d5 7. f3 Nf6 8. fxe4 dxe4 9. Bc4 Bg6 10. Ne6 Qe7 11. Nxf8 Rxf8 12. Bg5 c6 13. Qd2 h6 14. Bxf6 Rxf6 15. O-O-O e3 16. Qe1 Nd7 17. Qg3 O-O-O 18. Rde1 Qb4 19. Bb3 Nb6 20. Rxe3 Rxd4 21. Be6+ Nd7 22. Rhe1 Qd6 23. Bxd7+ Qxd7 24. Re7 Qd8 25. Rxg7 Rdd6 26. Qg4+ Bf5 27. Qe2 Rfe6 28. Qf2 Rxe1+ 29. Qxe1 Qf6 30. Qe7 Qxe7 31. Rxe7 Re6 32. Rxe6 Bxe6 33. Kd2 Kd7 34. a3 Ke7 35. Ne4 Bd5 36. Ke3 b6 37. Kd4 Ke6 38. c4 c5+ 39. Kd3 Bc6 40. g3 Ke5 41. Nf2 Kf5 42. b4 Bb7 43. Ke3 h5 44. Nd3 cxb4 45. axb4 a5 46. bxa5 bxa5 47. Nb2 Bc6 48. h3 a4 49. Nxa4 Bxa4 50. g4+ hxg4 51. hxg4+ Kxg4 52. Kd4 Bc6 53. Kc5 Bh1 54. Kd6 Kf5 55. c5 Kf6 56. c6 1/2-1/2

[Event "V Floripa Chess Open 2019"]
[Site "Florianopolis/SC"]
[Date "2019.01.26"]
[Round "8.160"]
[White "Eger, Laura Luisa"]
[Black "Kojima, Rodrigo Yosuke"]
[Result "0-1"]
[WhiteElo "1662"]
[BlackElo "1412"]
[PlyCount "89"]
[EventDate "2019.01.21"]
[EventRounds "10"]
[EventCountry "BRA"]

1. e4 e6 2. d4 d5 3. Bd3 Nf6 4. e5 Nfd7 5. f4 c5 6. c3 Nc6 7. Nf3 Qb6 8. Bc2 cxd4 9. cxd4 Bb4+ 10. Nc3 a6 11. a3 Bxc3+ 12. bxc3 Qc7 13. O-O b5 14. Qe1 Bb7 15. Bd2 Na5 16. Qg3 g6 17. Kh1 Nc4 18. Bb3 Ndb6 19. Qe1 Rc8 20. Bxc4 Nxc4 21. a4 bxa4 22. Rxa4 Nxd2 23. Qxd2 Qxc3 24. Qxc3 Rxc3 25. Rb1 Rc7 26. Nd2 O-O 27. Nb3 Rc4 28. Nc5 Rxa4 29. Nxa4 Bc6 30. Nc5 Bb5 31. g4 Ra8 32. Kg2 Be8 33. Kf2 a5 34. Ke2 a4 35. Kd2 a3 36. Ra1 a2 37. Kc2 Bb5 38. Kb2 Bc4 39. h4 Rb8+ 40. Kc2 Ra8 41. Kb2 Kf8 42. g5 Ra7 43. Rc1 Ke8 44. Ra1 Kd8 45. Re1 0-1

[Event "V Floripa Chess Open 2019"]
[Site "Florianopolis/SC"]
[Date "2019.01.26"]
[Round "8.161"]
[White "Seiffert, Gabriel Pamplona"]
[Black "Dos Anjos, Diovana Ferreira"]
[Result "0-1"]
[WhiteElo "1436"]
[BlackElo "1660"]
[PlyCount "46"]
[EventDate "2019.01.21"]
[EventRounds "10"]
[EventCountry "BRA"]

1. d4 b5 2. e4 Bb7 3. Nd2 a6 4. Ngf3 e6 5. Bd3 c5 6. c3 Nf6 7. e5 Nd5 8. Ne4 c4 9. Bc2 h6 10. Nd6+ Bxd6 11. exd6 Qb6 12. Ne5 Qxd6 13. Qh5 Qe7 14. Nxf7 Nf6 15. Nd6+ Kf8 16. Qc5 Bxg2 17. Qc8+ Ne8 18. Bg6 a5 19. Rg1 Na6 20. Qxa8 Bxa8 21. Nxe8 d6 22. Bf4 e5 23. Nxd6 exf4+ 0-1

[Event "V Floripa Chess Open 2019"]
[Site "Florianopolis/SC"]
[Date "2019.01.26"]
[Round "8.162"]
[White "Da Silva, Matheus Lopes"]
[Black "Flores, Clarice Soares Leit"]
[Result "0-1"]
[WhiteElo "1653"]
[BlackElo "1406"]
[PlyCount "102"]
[EventDate "2019.01.21"]
[EventRounds "10"]
[EventCountry "BRA"]

1. Nf3 c5 2. g3 g6 3. Bg2 Nc6 4. O-O Bg7 5. c3 e5 6. d3 Nge7 7. e4 d6 8. Be3 O-O 9. d4 Qb6 10. dxc5 Qxb2 11. Nbd2 dxc5 12. Bxc5 Qxc3 13. Rc1 Qd3 14. Nc4 Qxd1 15. Rfxd1 Be6 16. Ncxe5 Nxe5 17. Nxe5 Bxe5 18. Bxe7 Rfe8 19. Bd6 Bxa2 20. Bxe5 Rxe5 21. f4 Re7 22. e5 Be6 23. Ra1 a6 24. Rdb1 Ra7 25. Rb6 a5 26. Rb5 a4 27. Ra3 Bc4 28. Rb4 b5 29. Bf1 Bxf1 30. Kxf1 Rab7 31. Ke2 Red7 32. Ke3 Kf8 33. Ke4 Rd2 34. h4 Ke7 35. Raxa4 bxa4 36. Rxb7+ Rd7 37. Rb2 a3 38. Ra2 Ra7 39. g4 Ra4+ 40. Kf3 Ke6 41. Ke3 f6 42. exf6 Kxf6 43. Kf3 Ke6 44. Re2+ Kd5 45. Ra2 Kc4 46. Rxa3 Rxa3+ 47. Ke4 Rh3 48. f5 gxf5+ 49. gxf5 Rxh4+ 50. Ke5 Rh1 51. Kf6 Rf1 0-1

[Event "V Floripa Chess Open 2019"]
[Site "Florianopolis/SC"]
[Date "2019.01.26"]
[Round "8.163"]
[White "De Sousa, Alex Aecio"]
[Black "Amaral, Danilo Tokechi"]
[Result "1-0"]
[WhiteElo "1639"]
[BlackElo "1360"]
[PlyCount "101"]
[EventDate "2019.01.21"]
[EventRounds "10"]
[EventCountry "BRA"]

1. c4 Nf6 2. g3 c5 3. Bg2 d5 4. cxd5 Nxd5 5. Nc3 Nc7 6. Nf3 Nc6 7. a3 Rb8 8. O-O e5 9. b4 cxb4 10. axb4 Bxb4 11. Qa4 Bxc3 12. dxc3 O-O 13. Rd1 Qf6 14. Ba3 b5 15. Qh4 Qxh4 16. Nxh4 b4 17. Bxc6 bxa3 18. Rxa3 Bh3 19. Rxa7 Nb5 20. Bxb5 Rxb5 21. Rc1 Rc5 22. f3 Rfc8 23. Ra3 f5 24. Ng2 Kf7 25. Ne1 e4 26. Kf2 Kf6 27. f4 h5 28. Ke3 h4 29. Ra6+ R8c6 30. Rxc6+ Rxc6 31. c4 hxg3 32. hxg3 g5 33. c5 gxf4+ 34. gxf4 Ke6 35. Kd4 Bf1 36. e3 Rc8 37. c6 Kd6 38. c7 Rxc7 39. Rxc7 Kxc7 40. Ke5 Bh3 41. Nc2 Kc6 42. Nd4+ Kc5 43. Nxf5 Kc4 44. Kxe4 Bg2+ 45. Ke5 Kd3 46. Nh4 Bc6 47. Nf5 Be4 48. Nd6 Bh7 49. e4 Ke3 50. f5 Bg8 51. f6 1-0

[Event "V Floripa Chess Open 2019"]
[Site "Florianopolis/SC"]
[Date "2019.01.26"]
[Round "8.164"]
[White "Sato, Luiz Henrique Yuzo "]
[Black "Souza, Renato Canil De"]
[Result "0-1"]
[WhiteElo "1425"]
[BlackElo "1639"]
[PlyCount "142"]
[EventDate "2019.01.21"]
[EventRounds "10"]
[EventCountry "BRA"]

1. d4 Nf6 2. Nf3 g6 3. Bf4 Bg7 4. e3 d6 5. h3 O-O 6. Bd3 b6 7. Nbd2 Bb7 8. O-O Nbd7 9. Qe2 c5 10. c3 Qc7 11. Rfe1 e5 12. dxe5 dxe5 13. Bh2 Rfe8 14. e4 Bc6 15. Rad1 a6 16. Bxa6 Qb8 17. Bb5 Bxb5 18. Qxb5 Ra5 19. Qb3 b5 20. c4 b4 21. Nf1 Qa8 22. Ne3 Rxa2 23. Nd5 Ra7 24. Qc2 h6 25. Qb1 Nh7 26. b3 Qb7 27. Kf1 Nhf8 28. Qb2 Ra6 29. Rd3 Ra7 30. g4 Ra2 31. Qb1 Ne6 32. h4 Nd4 33. Nxd4 exd4 34. Bg3 Ra6 35. Nc7 Re7 36. Nxa6 Qxa6 37. Qa1 Qe6 38. Qa8+ Re8 39. Qd5 Qxg4 40. f3 Qxg3 41. Qxd7 Ra8 42. Qg4 Qh2 43. Qg2 Qxh4 44. Rd2 Be5 45. Ree2 Ra3 46. Qg4 Qxg4 47. fxg4 Rxb3 48. Rg2 Rc3 49. Rde2 Rxc4 50. Rc2 Rc3 51. Rxc3 dxc3 52. Ke1 b3 53. Kd1 c2+ 54. Kc1 Bf4+ 55. Rd2 Bxd2+ 56. Kxd2 c4 57. Kc1 h5 58. gxh5 gxh5 59. e5 h4 60. e6 fxe6 61. Kb2 h3 62. Kc1 h2 63. Kb2 h1=Q 64. Ka3 c1=Q+ 65. Kb4 Qb7+ 66. Kc5 Qg1+ 67. Kd6 Qgb6+ 68. Ke5 Qd5+ 69. Kf6 Qbd8+ 70. Kg6 Qf3 71. Kh6 Qdf6# 0-1

[Event "V Floripa Chess Open 2019"]
[Site "Florianopolis/SC"]
[Date "2019.01.26"]
[Round "8.165"]
[White "Oliveira, Debora Goncalves"]
[Black "Bonvini, Adriana Tonhati"]
[Result "0-1"]
[WhiteElo "1332"]
[BlackElo "1636"]
[PlyCount "132"]
[EventDate "2019.01.21"]
[EventRounds "10"]
[EventCountry "BRA"]

1. d4 e6 2. c4 f5 3. Nc3 Nf6 4. Bg5 Be7 5. e3 d5 6. cxd5 exd5 7. Bd3 c6 8. Nge2 O-O 9. O-O Ne4 10. Bxe7 Qxe7 11. Re1 Qg5 12. Nf4 a5 13. f3 Nd6 14. Nh3 Qh4 15. Nf2 Na6 16. g3 Qf6 17. Re2 b5 18. a3 Bd7 19. Bc2 Nf7 20. e4 dxe4 21. fxe4 fxe4 22. Rxe4 Ng5 23. Rf4 Qh6 24. Rxf8+ Rxf8 25. h4 Nf3+ 26. Kf1 Qe3 27. Nce4 Nxd4 28. Qd3 Nxc2 29. Qxc2 Bf5 30. Qe2 Qxe2+ 31. Kxe2 Re8 32. Kf3 Bxe4+ 33. Nxe4 h6 34. Rd1 Re6 35. Rd6 Rxd6 36. Nxd6 Kf8 37. Nb7 a4 38. Ke4 Ke7 39. Ke5 g6 40. Nd6 Nc5 41. Nc8+ Kd7 42. Na7 Kc7 43. Kf6 Ne4+ 44. Kxg6 Nxg3 45. h5 Nxh5 46. Kxh5 Kb7 47. Nxb5 cxb5 48. Kxh6 Kc6 49. Kg5 Kc5 50. Kf5 Kc4 51. Ke5 Kb3 52. Kd5 Kxb2 53. Kc5 Kxa3 54. Kxb5 Kb3 55. Kc5 a3 56. Kd4 a2 57. Kd3 a1=Q 58. Ke4 Kc4 59. Kf5 Qd4 60. Ke6 Qd5+ 61. Kf6 Kd4 62. Kg6 Qe5 63. Kh6 Qg3 64. Kh7 Ke5 65. Kh6 Kf6 66. Kh7 Qg7# 0-1

[Event "V Floripa Chess Open 2019"]
[Site "Florianopolis/SC"]
[Date "2019.01.26"]
[Round "8.167"]
[White "Mariot Vaz, Joao Antonio Bertol"]
[Black "Belle, Diego Leonardo"]
[Result "1-0"]
[WhiteElo "1326"]
[BlackElo "1633"]
[PlyCount "161"]
[EventDate "2019.01.21"]
[EventRounds "10"]
[EventCountry "BRA"]

1. e4 c5 2. Nf3 Nc6 3. Bb5 a6 4. Bxc6 dxc6 5. d3 g6 6. O-O Bg7 7. h3 e6 8. Nc3 Ne7 9. Be3 b6 10. Qd2 Qc7 11. a4 a5 12. Rab1 Ba6 13. Rfd1 e5 14. Ne1 O-O-O 15. Na2 f5 16. exf5 Nxf5 17. Bg5 Rd7 18. c3 h6 19. Be3 Nxe3 20. Qxe3 h5 21. b4 Bh6 22. Qe4 cxb4 23. cxb4 axb4 24. Rxb4 Bb7 25. Qe2 c5 26. Rb2 Bg7 27. Rdb1 Rd6 28. a5 Rhd8 29. Rxb6 Rxb6 30. Rxb6 e4 31. dxe4 Rd6 32. Qc4 Rxb6 33. axb6 Qxb6 34. Qg8+ Qd8 35. Qxg7 Bxe4 36. Qc3 Qg5 37. Qe3 Qf5 38. Nc3 Bc6 39. Nd3 Kd7 40. Nxc5+ Kd6 41. Qd4+ Ke7 42. N3e4 Bd5 43. Qb4 Kf8 44. Qb8+ Kg7 45. Qc7+ Kh6 46. f3 h4 47. Qd6 Bf7 48. Qf6 Qxf6 49. Nxf6 Kg5 50. Nce4+ Kf5 51. Kf2 Kf4 52. Ng4 Bc4 53. Nd6 Be6 54. Nh6 Ke5 55. Ndf7+ Kf6 56. Ke3 Bxf7 57. Nxf7 Kxf7 58. Kf4 Kf6 59. Kg4 g5 60. f4 gxf4 61. Kxf4 Kg6 62. Kg4 Kf6 63. Kxh4 Kf5 64. g4+ Kg6 65. g5 Kh7 66. Kg4 Kg6 67. h4 Kf7 68. Kf5 Kg7 69. h5 Kf7 70. h6 Kf8 71. Kf6 Kg8 72. g6 Kh8 73. g7+ Kg8 74. h7+ Kxh7 75. Kf7 Kh6 76. g8=Q Kh5 77. Kf6 Kh4 78. Kf5 Kh3 79. Kf4 Kh2 80. Kf3 Kh1 81. Qg2# 1-0

[Event "V Floripa Chess Open 2019"]
[Site "Florianopolis/SC"]
[Date "2019.01.26"]
[Round "8.168"]
[White "Buiar, Maria Eduarda Beral"]
[Black "Da Silva, Camila Evaristo"]
[Result "0-1"]
[WhiteElo "1315"]
[BlackElo "1633"]
[PlyCount "140"]
[EventDate "2019.01.21"]
[EventRounds "10"]
[EventCountry "BRA"]

1. d4 d5 2. Bf4 Nf6 3. e3 e6 4. Nd2 Bd6 5. Bxd6 Qxd6 6. Ngf3 O-O 7. Bd3 c5 8. c3 Nc6 9. O-O b6 10. Re1 Bb7 11. e4 dxe4 12. Nxe4 Nxe4 13. Bxe4 f5 14. Bc2 cxd4 15. cxd4 Rf6 16. Bb3 Kh8 17. Qd2 Rd8 18. Rad1 Na5 19. Qe3 Nxb3 20. Qxb3 Bd5 21. Qc3 Bb7 22. h3 Rc8 23. Qe3 Bd5 24. Rd2 Bxf3 25. Qxf3 Rf7 26. Qb3 Re7 27. Qe3 Qd5 28. b3 h6 29. Qe5 Qxe5 30. Rxe5 Rce8 31. Rde2 Kg8 32. Kh2 Kf7 33. g4 g6 34. Kg3 Rd8 35. Rd2 Red7 36. gxf5 exf5 37. Rde2 Kf6 38. Re6+ Kg5 39. f4+ Kh5 40. Rg2 Rd6 41. Ree2 Rxd4 42. Re6 R8d6 43. Re7 a6 44. Rh7 Rd3+ 45. Kh2 Rd2 46. a3 Rxg2+ 47. Kxg2 Rd2+ 48. Kh1 Rd3 49. Kg2 Rxb3 50. h4 Rxa3 51. Rd7 Rb3 52. Rd1 a5 53. Ra1 Kg4 54. Kf2 Kxf4 55. Ke2 Ke4 56. Kf2 g5 57. hxg5 hxg5 58. Ra4+ Rb4 59. Ra3 a4 60. Ke2 b5 61. Re3+ Kf4 62. Rf3+ Kg4 63. Rd3 f4 64. Rd1 Rb3 65. Rg1+ Kf5 66. Rc1 Ke4 67. Rc8 Rb2+ 68. Kd1 g4 69. Re8+ Kf3 70. Rc8 b4 0-1

[Event "V Floripa Chess Open 2019"]
[Site "Florianopolis/SC"]
[Date "2019.01.26"]
[Round "8.170"]
[White "Barrientos, Ernesto"]
[Black "Queiroz Da Costa, Alan Patrick"]
[Result "1-0"]
[WhiteElo "1925"]
[BlackElo "1474"]
[PlyCount "49"]
[EventDate "2019.01.21"]
[EventRounds "10"]
[EventCountry "BRA"]

1. e4 c5 2. Nf3 Nc6 3. d4 cxd4 4. Nxd4 g6 5. Nc3 Bg7 6. Be3 Nf6 7. Bc4 O-O 8. Bb3 d6 9. f3 Bd7 10. Qd2 Na5 11. O-O-O Nxb3+ 12. cxb3 Rc8 13. Kb1 a6 14. Bh6 b5 15. Bxg7 Kxg7 16. g4 b4 17. Nce2 Qb6 18. g5 Ng8 19. h4 h5 20. gxh6+ Nxh6 21. h5 Ng8 22. Nf4 e5 23. hxg6 Qxd4 24. Nh5+ Kh8 25. g7+ 1-0

[Event "V Floripa Chess Open 2019"]
[Site "Florianopolis/SC"]
[Date "2019.01.26"]
[Round "8.171"]
[White "Meirelles, Olyntho Vitoria"]
[Black "Hubner, Jessica Trindade"]
[Result "0-1"]
[WhiteElo "1458"]
[BlackElo "1899"]
[PlyCount "109"]
[EventDate "2019.01.21"]
[EventRounds "10"]
[EventCountry "BRA"]

1. e4 c5 2. Nf3 d6 3. Bb5+ Bd7 4. Qe2 a6 5. Bxd7+ Qxd7 6. d3 g6 7. Be3 Bg7 8. c3 Nf6 9. Qd2 O-O 10. Bh6 Qg4 11. Bxg7 Kxg7 12. O-O Nc6 13. h3 Qd7 14. Na3 b5 15. Nc2 a5 16. d4 Nxe4 17. Qe3 d5 18. dxc5 e6 19. Rad1 Qe7 20. b4 axb4 21. cxb4 Rxa2 22. Qb3 Rfa8 23. Ra1 R2a6 24. Rxa6 Rxa6 25. Ra1 Qa7 26. Rxa6 Qxa6 27. Qb2+ f6 28. Nfd4 e5 29. Nxc6 Qxc6 30. f3 Ng5 31. Qa3 Ne6 32. Qa7+ Nc7 33. Na3 Kf8 34. Qb8+ Ke7 35. Qh8 Ke6 36. Qxh7 g5 37. g4 Na6 38. Qg8+ Kd7 39. Qf7+ Kc8 40. Qf8+ Kb7 41. Qe7+ Nc7 42. Kf2 Qa6 43. Nxb5 Qxb5 44. Qxf6 Qxb4 45. c6+ Ka6 46. Qxe5 Qc5+ 47. Qe3 d4 48. Qd3+ Kb6 49. Ke2 Kxc6 50. Kf2 Ne6 51. Qe4+ Kd6 52. h4 Qd5 53. Qxd5+ Kxd5 54. f4 Ng7 55. f5 0-1

[Event "V Floripa Chess Open 2019"]
[Site "Florianopolis/SC"]
[Date "2019.01.26"]
[Round "8.172"]
[White "Henriquetta, Rafael Stolf"]
[Black "Silvestre, Gilmar Severino"]
[Result "0-1"]
[WhiteElo "1450"]
[BlackElo "1709"]
[PlyCount "50"]
[EventDate "2019.01.21"]
[EventRounds "10"]
[EventCountry "BRA"]

1. e4 c5 2. Nf3 e6 3. c3 Nc6 4. d4 cxd4 5. cxd4 d5 6. e5 Bb4+ 7. Bd2 Nge7 8. a3 Bxd2+ 9. Nbxd2 Qb6 10. Qb3 Nxd4 11. Qxb6 Nxf3+ 12. Nxf3 axb6 13. Bd3 Bd7 14. O-O Rc8 15. Rac1 O-O 16. Nd4 Nc6 17. Nxc6 bxc6 18. f4 c5 19. g4 c4 20. Bb1 b5 21. f5 exf5 22. gxf5 Rfe8 23. Rce1 d4 24. f6 g6 25. h4 Rc5 0-1

[Event "V Floripa Chess Open 2019"]
[Site "Florianopolis/SC"]
[Date "2019.01.26"]
[Round "8.173"]
[White "Da Silva, Esequiel Luis Melo"]
[Black "Moretto, Heitor Frainer"]
[Result "1-0"]
[WhiteElo "1680"]
[BlackElo "1426"]
[PlyCount "25"]
[EventDate "2019.01.21"]
[EventRounds "10"]
[EventCountry "BRA"]

1. d4 Nf6 2. c4 e6 3. g3 d5 4. Bg2 b6 5. Nf3 Bb7 6. Nbd2 Be7 7. Ne5 O-O 8. Ndf3 Nbd7 9. b3 c5 10. Nxd7 Qxd7 11. Ne5 Qc7 12. cxd5 cxd4 13. Qxd4 1-0

[Event "V Floripa Chess Open 2019"]
[Site "Florianopolis/SC"]
[Date "2019.01.26"]
[Round "8.174"]
[White "Szuba, Joao Gabriel Muniz"]
[Black "Aguiar, Arthur Vinicius De "]
[Result "1-0"]
[WhiteElo "1659"]
[BlackElo "1377"]
[PlyCount "95"]
[EventDate "2019.01.21"]
[EventRounds "10"]
[EventCountry "BRA"]

1. e4 c5 2. Nf3 Nc6 3. Bb5 g6 4. Bxc6 bxc6 5. O-O Bg7 6. c3 d6 7. h3 e5 8. d4 cxd4 9. cxd4 Qc7 10. dxe5 dxe5 11. Be3 Nf6 12. Nbd2 O-O 13. Qc2 Rd8 14. Rac1 Ba6 15. Rfd1 Rac8 16. Qc5 Be2 17. Re1 Bxf3 18. Nxf3 Nxe4 19. Qxa7 Qxa7 20. Bxa7 f5 21. Bb6 Rd7 22. a4 Rd3 23. a5 Rb3 24. Rc2 c5 25. Rd1 c4 26. Rd5 c3 27. bxc3 Nxc3 28. Nxe5 Re8 29. Rxc3 Rxc3 30. Nf3 Rc1+ 31. Kh2 Ra1 32. Rd7 h6 33. Rxg7+ Kxg7 34. Bd4+ Kf7 35. Bxa1 g5 36. Bd4 Re6 37. Bb6 g4 38. Nd4 Rg6 39. Nxf5 gxh3 40. Kxh3 Rf6 41. Ng3 Re6 42. Kg4 Kg6 43. Nh5 Rc6 44. Nf4+ Kf6 45. g3 Ke5 46. Kh5 Ke4 47. Ng6 Kf5 48. Ne7+ 1-0

[Event "V Floripa Chess Open 2019"]
[Site "Florianopolis/SC"]
[Date "2019.01.26"]
[Round "8.175"]
[White "Dutra, Liliam Guedes"]
[Black "Nasario, Rafael"]
[Result "1-0"]
[WhiteElo "1443"]
[BlackElo "1652"]
[PlyCount "109"]
[EventDate "2019.01.21"]
[EventRounds "10"]
[EventCountry "BRA"]

1. e4 e6 2. Qe2 c5 3. c3 Nc6 4. g3 d5 5. Bg2 Nf6 6. d3 d4 7. f4 Be7 8. Nf3 O-O 9. O-O Qc7 10. Na3 Qb6 11. Nc2 Ng4 12. cxd4 cxd4 13. a3 a5 14. Nfe1 e5 15. f5 Nf6 16. g4 Nd7 17. Nf3 Nc5 18. Bg5 Bxg5 19. Nxg5 f6 20. Nf3 Qb3 21. Nce1 b6 22. Rf2 Ba6 23. Rd1 Rfc8 24. g5 Ra7 25. g6 hxg6 26. fxg6 Ne7 27. Nh4 Kf8 28. Qh5 Bxd3 29. Rdd2 Bxe4 30. Qxe5 Nxg6 31. Nxg6+ Bxg6 32. Qd6+ Re7 33. Rfe2 Rce8 34. Bc6 Qf7 35. Bxe8 Qxe8 36. Rxd4 Qd7 37. Qb8+ Qe8 38. Qxe8+ Rxe8 39. Rxe8+ Kxe8 40. Rg4 Kf7 41. Rd4 Ke6 42. Kf2 Be4 43. Ke3 Ke5 44. b4 axb4 45. axb4 Bc6 46. bxc5 bxc5 47. Nd3+ Kf5 48. Nxc5 g5 49. Rd6 Bg2 50. Nd7 Kg4 51. Rxf6 Ba8 52. Kf2 Be4 53. Ne5+ Kh5 54. Kg3 Bc2 55. Ng4 1-0

[Event "V Floripa Chess Open 2019"]
[Site "Florianopolis/SC"]
[Date "2019.01.26"]
[Round "8.176"]
[White "Nunes, Lucas Alexandre"]
[Black "Neitzel, Jonatan"]
[Result "0-1"]
[WhiteElo "1199"]
[BlackElo "1639"]
[PlyCount "107"]
[EventDate "2019.01.21"]
[EventRounds "10"]
[EventCountry "BRA"]

1. e4 e5 2. Nf3 Nc6 3. Bc4 Bc5 4. c3 Nf6 5. d3 h6 6. O-O O-O 7. h3 d6 8. a4 a5 9. Be3 Ba7 10. Nbd2 Ne7 11. Bxa7 Rxa7 12. Qe2 Be6 13. Qe3 b6 14. Rfe1 Bxc4 15. Nxc4 Nh5 16. d4 f6 17. Nh4 Nf4 18. Rad1 Qe8 19. Qf3 Qxa4 20. dxe5 fxe5 21. Ne3 Nd3 22. Nef5 Nxf5 23. Nxf5 Rxf5 24. Qxf5 Nxe1 25. Qc8+ Kf7 26. Qf5+ Ke7 27. Rxe1 Qd7 28. Qxd7+ Kxd7 29. c4 Kc6 30. h4 Kc5 31. Rc1 a4 32. Kf1 Kb4 33. Rc3 a3 34. Rxa3 Rxa3 35. bxa3+ Kxc4 36. Ke2 Kb3 37. Kd3 Kxa3 38. Kc4 c6 39. g3 b5+ 40. Kc3 b4+ 41. Kc2 Ka2 42. f4 exf4 43. gxf4 b3+ 44. Kc3 b2 45. e5 dxe5 46. fxe5 b1=Q 47. Kc4 Qe4+ 48. Kc5 Qd5+ 49. Kb6 Qxe5 50. Kxc6 Kb3 51. Kb6 Ka4 52. Kc6 Kb4 53. h5 Qxh5 54. Kd6 0-1